| 000 | 00591nam a22002057i 4500 | ||
|---|---|---|---|
| 999 |
_c22931 _d22931 |
||
| 003 | AR-CdUCM | ||
| 008 | 240531b20222022 pe||||| |||| 00| 0 spa d | ||
| 040 |
_aMUNICIPALIDAD PROVINCIAL DEL CUSCO _cBIBLIOTECA MUNICIPAL DEL CUSCO |
||
| 082 |
_a869.57 / V66A _bV66A |
||
| 100 |
_aVillacorta Oviedo, Yanet. _950035 |
||
| 245 | _aA mi manera / | ||
| 260 |
_aCusco : _c2022 |
||
| 300 |
_a64 páginas. : _c20 cm. |
||
| 650 |
_aPoemario _91041 |
||
| 650 |
_aTe conocĂ _950036 |
||
| 650 |
_aA mi manera _950037 |
||
| 650 |
_aLa fuerte _950038 |
||
| 942 |
_2ddc _cLIBROS |
||
| 945 |
_apbj _d2024-05-31 |
||